| 000 | 00576nam a2200157 4500 | ||
|---|---|---|---|
| 999 |
_c16044 _d16044 |
||
| 008 | 210210b ||||| |||| 00| 0 eng d | ||
| 022 | _a0732-8435 | ||
| 082 | _aDPer 657.05 C33 Sept - Dec 2011, v. 81 n. 9 - 12 | ||
| 100 |
_aSoled, Jay A. _943011 |
||
| 245 |
_aAsset valuations, tax basis, and new estate planning considerations/ _cJay A. Soled and Leonard Goodman. |
||
| 260 |
_aNew York: _bThe New York State Society of CPA, _c©2011. |
||
| 300 |
_av81 n9, pages 50-51; _c28 cm. |
||
| 650 |
_aTaxation. _943012 |
||
| 700 |
_aGoodman, L. _eAuthor. _943013 |
||
| 942 |
_2ddc _cPER |
||